00376nam a2200157Ia 4500008004100000020001500041041001200056082001600068100002000084245003000104250000800134260003700142300000800179650001400187700001700201221030s9999 xx 000 0 und d a981253055X aEnglish a105.23bSil aA. Silberschatz 0aOperating System Concepts a6th bJohn Wiley & SonsaMumbaic2003 a951 aCOMPUTERS aP. B. Galvin